[Event "Kerkinitida Cup Blitz"]
[Site "Evpatoria"]
[Date "2023.09.03"]
[Round "4"]
[White "Jary, Sergey"]
[Black "Bimiev, Ahmad"]
[Result "1/2-1/2"]
[WhiteElo "2233"]
[BlackElo "2219"]
[PlyCount "23"]
[EventDate "2023.09.03"]
[EventType "swiss (blitz)"]
[EventRounds "13"]
[EventCountry "UKR"]
[SourceTitle "EXT 2024"]
[Source "ChessBase"]
[SourceDate "2023.10.10"]
[SourceVersion "1"]
[SourceVersionDate "2023.10.10"]
[SourceQuality "1"]

1. d4 Nf6 2. Nf3 e6 3. g3 c5 4. c3 Nc6 5. Bg2 Be7 6. Bg5 0-0 7. 0-0 Ne4 8. Bxe7 Qxe7 9. Nbd2 d5 10. Nxe4 dxe4 11. Ne5 Nxe5 12. dxe5 1/2-1/2

[Event "Kerkinitida Cup Blitz"]
[Site "Evpatoria"]
[Date "2023.09.03"]
[Round "10"]
[White "Smirnov, Pavel"]
[Black "Bimiev, Ahmad"]
[Result "1/2-1/2"]
[WhiteElo "2538"]
[BlackElo "2219"]
[PlyCount "46"]
[EventDate "2023.09.03"]
[EventType "swiss (blitz)"]
[EventRounds "13"]
[EventCountry "UKR"]
[SourceTitle "EXT 2024"]
[Source "ChessBase"]
[SourceDate "2023.10.10"]
[SourceVersion "1"]
[SourceVersionDate "2023.10.10"]
[SourceQuality "1"]

1. e4 e5 2. Nf3 Nc6 3. Bb5 g6 4. 0-0 Bg7 5. c3 a6 6. Ba4 d6 7. d4 Bd7 8. d5 Nce7 9. Bxd7+ Qxd7 10. c4 h6 11. Nc3 f5 12. Ne1 Nf6 13. Qe2 0-0 14. Nd3 c6 15. f3 c5 16. Be3 b5 17. b3 b4 18. Na4 Rab8 19. Nf2 f4 20. Bd2 g5 21. a3 a5 22. axb4 axb4 23. Nb2 Ra8 1/2-1/2

[Event "Kerkinitida Cup Rapid"]
[Site "Evpatoria"]
[Date "2023.09.02"]
[Round "11"]
[White "Bimiev, Ahmad"]
[Black "Tomilova, Elena"]
[Result "1-0"]
[WhiteElo "2230"]
[BlackElo "2209"]
[PlyCount "63"]
[EventDate "2023.08.31"]
[EventType "swiss (rapid)"]
[EventRounds "11"]
[EventCountry "UKR"]
[SourceTitle "EXT 2024"]
[Source "ChessBase"]
[SourceDate "2023.10.10"]
[SourceVersion "1"]
[SourceVersionDate "2023.10.10"]
[SourceQuality "1"]

1. c4 c5 2. g3 Nc6 3. Bg2 g6 4. Nc3 Bg7 5. Nf3 b6 6. 0-0 Bb7 7. e3 Bxc3 8. bxc3 d6 9. d3 Qd7 10. e4 e5 11. Be3 f6 12. Nd2 h5 13. h3 0-0-0 14. a4 Nge7 15. Nb3 h4 16. g4 g5 17. a5 Ng6 18. Qc2 Kc7 19. Rfb1 Rb8 20. d4 Nf4 21. Bf1 Qf7 22. Qb2 Nxa5 23. Nxa5 Bxe4 24. Rd1 bxa5 25. Qa3 Kc8 26. dxc5 dxc5 27. Qxa5 Qc7 28. Qa6+ Qb7 29. Qxf6 Re8 30. Bxc5 Bc2 31. Rd6 Qf3 32. Rc6+ 1-0

[Event "Kerkinitida Cup Rapid"]
[Site "Evpatoria"]
[Date "2023.09.02"]
[Round "9"]
[White "Bimiev, Ahmad"]
[Black "Vastrukhin, Oleg"]
[Result "1/2-1/2"]
[WhiteElo "2230"]
[BlackElo "2343"]
[PlyCount "113"]
[EventDate "2023.08.31"]
[EventType "swiss (rapid)"]
[EventRounds "11"]
[EventCountry "UKR"]
[SourceTitle "EXT 2024"]
[Source "ChessBase"]
[SourceDate "2023.10.10"]
[SourceVersion "1"]
[SourceVersionDate "2023.10.10"]
[SourceQuality "1"]

1. d4 g6 2. Nf3 Bg7 3. c4 d6 4. Nc3 e5 5. e4 exd4 6. Nxd4 Ne7 7. Bg5 0-0 8. Qd2 Nbc6 9. Nxc6 bxc6 10. Be2 c5 11. 0-0 f6 12. Be3 Bb7 13. Nd5 Nc6 14. f4 f5 15. exf5 gxf5 16. Rf3 Nd4 17. Rg3 Nxe2+ 18. Qxe2 Bxd5 19. cxd5 Qd7 20. Bd2 Kh8 21. Qc4 Bd4+ 22. Kf1 Rae8 23. Re1 Qf7 24. Re6 Qh5 25. Rf3 Qxh2 26. Be3 Qh1+ 27. Kf2 Qd1 28. Bxd4+ Qxd4+ 29. Qxd4+ cxd4 30. Rxe8 Rxe8 31. Rd3 Re4 32. g3 Kg7 33. Ra3 Kg6 34. Rxa7 d3 35. Ra3 Rd4 36. Ke1 d2+ 37. Kd1 Rxd5 38. Rc3 Ra5 39. a3 Ra7 40. Re3 Kh5 41. Re7 Kg4 42. Rg7+ Kf3 43. Kxd2 h6 44. Kc3 Ra6 45. Rxc7 Kxg3 46. Rh7 d5 47. Kd4 Kxf4 48. Kxd5 Kf3 49. b4 f4 50. b5 Rxa3 51. Rxh6 Ke2 52. b6 Rb3 53. Kc6 f3 54. Rf6 f2 55. Rxf2+ Kxf2 56. b7 Rxb7 57. Kxb7 1/2-1/2

[Event "Kerkinitida Cup Rapid"]
[Site "Evpatoria"]
[Date "2023.09.02"]
[Round "10"]
[White "Smirnov, Pavel"]
[Black "Bimiev, Ahmad"]
[Result "1/2-1/2"]
[WhiteElo "2538"]
[BlackElo "2230"]
[PlyCount "67"]
[EventDate "2023.08.31"]
[EventType "swiss (rapid)"]
[EventRounds "11"]
[EventCountry "UKR"]
[SourceTitle "EXT 2024"]
[Source "ChessBase"]
[SourceDate "2023.10.10"]
[SourceVersion "1"]
[SourceVersionDate "2023.10.10"]
[SourceQuality "1"]

1. d4 Nf6 2. Nf3 g6 3. g3 b6 4. Bg2 Bb7 5. 0-0 Bg7 6. c4 0-0 7. d5 b5 8. Nc3 bxc4 9. Ne5 c6 10. Nxc4 cxd5 11. Nxd5 Nxd5 12. Bxd5 Nc6 13. Bf4 d6 14. Rc1 Qd7 15. Qa4 Rfd8 16. Rfd1 Rac8 17. Be3 e6 18. Bg2 d5 19. Na5 Nxa5 20. Qxa5 Bxb2 21. Rb1 Bc3 22. Qxa7 Bc6 23. Qb6 Ba4 24. Rdc1 d4 25. Bg5 Re8 26. Qa6 Bc6 27. Bxc6 Rxc6 28. Qb5 e5 29. a4 Kg7 30. Bd2 Qc8 31. Bxc3 dxc3 32. Rc2 Rc5 33. Qb3 Re6 34. Kf1 1/2-1/2

[Event "Kerkinitida Cup Rapid"]
[Site "Evpatoria"]
[Date "2023.09.01"]
[Round "8"]
[White "Zakaryan, David"]
[Black "Bimiev, Ahmad"]
[Result "0-1"]
[WhiteElo "2296"]
[BlackElo "2230"]
[PlyCount "48"]
[EventDate "2023.08.31"]
[EventType "swiss (rapid)"]
[EventRounds "11"]
[EventCountry "UKR"]
[SourceTitle "EXT 2024"]
[Source "ChessBase"]
[SourceDate "2023.10.10"]
[SourceVersion "1"]
[SourceVersionDate "2023.10.10"]
[SourceQuality "1"]

1. e4 e5 2. Nf3 Nc6 3. Bb5 g6 4. Nc3 Bg7 5. h4 h6 6. h5 g5 7. Nd5 Nge7 8. Nxe7 Qxe7 9. g4 d5 10. exd5 Bxg4 11. dxc6 0-0-0 12. cxb7+ Kb8 13. Be2 e4 14. Nh2 Be6 15. d3 f5 16. Bd2 Bxb2 17. Rb1 Be5 18. Nf1 Bxa2 19. dxe4 fxe4 20. Ra1 e3 21. fxe3 Bd5 22. Rg1 Qf6 23. Ra5 Rhf8 24. Bf3 Bxf3 0-1

[Event "Dzhubga op"]
[Site "Dzhubga"]
[Date "2023.08.04"]
[Round "4"]
[White "Petrov, Alexander3333"]
[Black "Bimiev, Ahmad"]
[Result "1/2-1/2"]
[WhiteElo "1945"]
[BlackElo "2230"]
[PlyCount "87"]
[EventDate "2023.08.01"]
[EventType "swiss"]
[EventRounds "9"]
[EventCountry "RUS"]
[SourceTitle "CBM 215 Extra"]
[Source "ChessBase"]
[SourceDate "2023.09.30"]
[SourceVersion "1"]
[SourceVersionDate "2023.09.30"]
[SourceQuality "1"]

1. Nf3 Nf6 2. c4 e6 3. g3 d5 4. Bg2 Be7 5. 0-0 d4 6. b4 c5 7. Bb2 0-0 8. d3 a5 9. b5 Qc7 10. e3 e5 11. exd4 exd4 12. Bc1 h6 13. Bf4 Bd6 14. Bxd6 Qxd6 15. Re1 Ra7 16. Nbd2 b6 17. Ne5 Bb7 18. f4 Bxg2 19. Kxg2 Re7 20. Ne4 Nxe4 21. Rxe4 Rfe8 22. Qh5 Nd7 23. Nxf7 Qf6 24. Ne5 Nxe5 25. fxe5 Rxe5 26. Qxe8+ Rxe8 27. Rxe8+ Kh7 28. Rf1 Qg6 29. Re4 a4 30. Rf3 Kg8 31. h4 h5 32. Re7 Qh6 33. Rf4 Qg6 34. Ree4 Kh7 35. g4 hxg4 36. Rxg4 Qd6 37. Rg5 Kh8 38. a3 Qf6 39. Rg3 Qd6 40. h5 Qf6 41. Reg4 Qe6 42. Kh3 Qe2 43. Kh4 Qh2+ 44. Kg5 1/2-1/2

[Event "Novorossiysk Small Land op"]
[Site "Novorossiysk"]
[Date "2023.07.25"]
[Round "9"]
[White "Saidov, Bilukhadzh"]
[Black "Bimiev, Ahmad"]
[Result "1/2-1/2"]
[WhiteElo "2318"]
[BlackElo "2242"]
[PlyCount "59"]
[EventDate "2023.07.17"]
[EventType "swiss"]
[EventRounds "9"]
[EventCountry "RUS"]
[SourceTitle "CBM 215 Extra"]
[Source "ChessBase"]
[SourceDate "2023.09.30"]
[SourceVersion "1"]
[SourceVersionDate "2023.09.30"]
[SourceQuality "1"]

1. d4 Nf6 2. c4 e5 3. dxe5 Ng4 4. Nf3 Nc6 5. Bf4 Bb4+ 6. Nbd2 Qe7 7. a3 Ngxe5 8. Nxe5 Nxe5 9. e3 Bxd2+ 10. Qxd2 d6 11. Be2 0-0 12. 0-0 b6 13. b4 Nd7 14. Bf3 Rb8 15. a4 Bb7 16. Bxb7 Rxb7 17. a5 bxa5 18. Rxa5 Rfb8 19. b5 Nc5 20. Qc2 h6 21. h3 a6 22. bxa6 Ra7 23. Rfa1 Rba8 24. Rb1 Qe8 25. Rba1 Qe7 26. Rb1 Qe8 27. Rba1 Qe7 28. Rb1 Qe8 29. Rba1 Qe7 30. Rb1 1/2-1/2

[Event "Novorossiysk Small Land op"]
[Site "Novorossiysk"]
[Date "2023.07.18"]
[Round "2"]
[White "Bimiev, Ahmad"]
[Black "Khantuev, Adam"]
[Result "1-0"]
[WhiteElo "2242"]
[BlackElo "1874"]
[PlyCount "83"]
[EventDate "2023.07.17"]
[EventType "swiss"]
[EventRounds "9"]
[EventCountry "RUS"]
[SourceTitle "CBM 215 Extra"]
[Source "ChessBase"]
[SourceDate "2023.09.30"]
[SourceVersion "1"]
[SourceVersionDate "2023.09.30"]
[SourceQuality "1"]

1. c4 c5 2. g3 Nf6 3. Bg2 e6 4. Nf3 Be7 5. 0-0 0-0 6. d4 d5 7. cxd5 Nxd5 8. dxc5 Bxc5 9. a3 Nc6 10. Qc2 Qe7 11. Rd1 Bd7 12. e4 Nf6 13. Bg5 Bd6 14. Nc3 Rfd8 15. Nb5 Bb8 16. Be3 a6 17. Bc5 Qe8 18. Nd6 Bxd6 19. Rxd6 e5 20. Bb6 Rdc8 21. Qd3 h6 22. Rd1 Be6 23. b4 Qe7 24. Nh4 Nd4 25. Bc5 Nd7 26. Nf5 Bxf5 27. exf5 Nxc5 28. bxc5 Rxc5 29. Rb6 Rb5 30. Rb1 Rxb6 31. Rxb6 Rc8 32. Bxb7 Rc2 33. Be4 Qc5 34. Rb8+ Kh7 35. f6+ g6 36. Rb7 h5 37. Rxf7+ Kg8 38. Rg7+ Kf8 39. Qe3 Re2 40. Qh6 Nf3+ 41. Kh1 Qc1+ 42. Qxc1 1-0

[Event "RUS-ch Blitz"]
[Site "Sochi"]
[Date "2022.10.14"]
[Round "7"]
[White "Obgolts, Erik"]
[Black "Bimiev, Ahmad"]
[Result "1-0"]
[WhiteElo "2434"]
[BlackElo "2242"]
[PlyCount "141"]
[EventDate "2022.10.14"]
[EventType "swiss (blitz)"]
[EventRounds "13"]
[EventCountry "RUS"]
[SourceTitle "CBM 210 Extra"]
[Source "ChessBase"]
[SourceDate "2022.11.30"]
[SourceVersion "1"]
[SourceVersionDate "2022.11.30"]
[SourceQuality "1"]

1. d4 Nf6 2. Nf3 e6 3. Bf4 c5 4. e3 Nc6 5. Nbd2 d5 6. c3 Bd6 7. Bg3 0-0 8. Bd3 b6 9. Qe2 Bb7 10. Rd1 Re8 11. e4 dxe4 12. Nxe4 Nxe4 13. Bxe4 Qe7 14. Bxd6 Qxd6 15. dxc5 Qxc5 16. Rd7 Re7 17. Qd3 g6 18. 0-0 Ba6 19. Qd6 Bxf1 20. Qxc5 bxc5 21. Rxe7 Nxe7 22. Bxa8 Bc4 23. b3 Bd5 24. Bxd5 Nxd5 25. c4 Nc3 26. a3 f6 27. Kf1 Kf7 28. Ke1 Ke7 29. Kd2 Ne4+ 30. Ke3 Nd6 31. Ne1 Nf5+ 32. Kd3 Kd6 33. g3 Nd4 34. b4 Nc6 35. b5 Ne5+ 36. Kc3 h5 37. h3 g5 38. Nd3 Nf3 39. a4 Ng1 40. h4 gxh4 41. gxh4 Nf3 42. Nf4 Nxh4 43. Nxh5 f5 44. Nf4 Nf3 45. a5 Ne5 46. Nd3 Nd7 47. f4 Kc7 48. Kd2 Kd6 49. Ke3 Nf6 50. Kf3 Ne4 51. Ke3 Nf6 52. Ne5 Ne4 53. Kd3 Nf2+ 54. Kc2 Ne4 55. Nd3 Nf6 56. Nf2 Nh5 57. Nh3 Nf6 58. Kd3 Ne4 59. Ng5 Nf2+ 60. Ke3 Ng4+ 61. Kd2 e5 62. Nf7+ Ke6 63. Nxe5 Nf6 64. Nd3 Kd6 65. Ke3 Ng4+ 66. Kf3 Nf6 67. Ne5 Ne4 68. Kg2 Nd2 69. Kh3 Nb3 70. a6 Nc1 71. b6 1-0

[Event "Anapa Sea Harbor Cup"]
[Site "Anapa"]
[Date "2022.06.09"]
[Round "8"]
[White "Gabrielian, Artur"]
[Black "Bimiev, Ahmad"]
[Result "1-0"]
[WhiteElo "2480"]
[BlackElo "2235"]
[PlyCount "71"]
[EventDate "2022.06.02"]
[EventType "swiss"]
[EventRounds "9"]
[EventCountry "RUS"]
[SourceTitle "CBM 208 Extra"]
[Source "ChessBase"]
[SourceDate "2022.07.31"]
[SourceVersion "1"]
[SourceVersionDate "2022.07.31"]
[SourceQuality "1"]

1. e4 e5 2. Nf3 Nc6 3. Bb5 g6 4. c3 a6 5. Bxc6 dxc6 6. d4 exd4 7. cxd4 Bg7 8. h3 Nf6 9. 0-0 Nxe4 10. Re1 f5 11. Nc3 0-0 12. Qb3+ Kh8 13. Bf4 h6 14. Nxe4 fxe4 15. Rxe4 Qd5 16. Qe3 g5 17. Bxc7 Bf5 18. Re7 Rf7 19. Rxf7 Qxf7 20. Be5 Re8 21. Bxg7+ Kxg7 22. Ne5 Qd5 23. Qc3 Kg8 24. Nc4 c5 25. Ne3 cxd4 26. Qd2 Qe4 27. Nxf5 Qxf5 28. Qxd4 Qe4 29. Qd2 Qe6 30. a3 Re7 31. Rc1 Kf7 32. b4 Rd7 33. Qc3 Qe2 34. Re1 Qd2 35. Qe5 Qd6 36. Qf5+ 1-0

[Event "Anapa Sea Harbor Cup"]
[Site "Anapa"]
[Date "2022.06.08"]
[Round "7"]
[White "Khripachenko, Alexander"]
[Black "Bimiev, Ahmad"]
[Result "1/2-1/2"]
[WhiteElo "2166"]
[BlackElo "2235"]
[PlyCount "42"]
[EventDate "2022.06.02"]
[EventType "swiss"]
[EventRounds "9"]
[EventCountry "RUS"]
[SourceTitle "CBM 208 Extra"]
[Source "ChessBase"]
[SourceDate "2022.07.31"]
[SourceVersion "1"]
[SourceVersionDate "2022.07.31"]
[SourceQuality "1"]

1. e4 e5 2. Nf3 Nc6 3. Bc4 Nf6 4. d3 Bc5 5. c3 d6 6. 0-0 0-0 7. h3 Ne7 8. Re1 Ng6 9. d4 exd4 10. cxd4 Bb4 11. Bd2 Bxd2 12. Nbxd2 d5 13. exd5 Nxd5 14. Ne4 c6 15. Qd2 Bf5 16. Nc5 Rb8 17. Rac1 Ngf4 18. Re5 Qf6 19. Kh2 b6 20. Ne4 Bxe4 21. Rxe4 Rbe8 1/2-1/2

[Event "Mersin op 4th"]
[Site "Mersin"]
[Date "2019.11.19"]
[Round "5"]
[White "Bernadskiy, Vitaliy"]
[Black "Bimiev, Ahmad"]
[Result "1-0"]
[WhiteElo "2571"]
[BlackElo "2228"]
[PlyCount "62"]
[EventDate "2019.11.16"]
[EventType "swiss"]
[EventRounds "9"]
[EventCountry "TUR"]
[SourceTitle "CBM 193 Extra"]
[Source "ChessBase"]
[SourceDate "2020.01.31"]
[SourceVersion "1"]
[SourceVersionDate "2020.01.31"]
[SourceQuality "1"]

1. d4 Nf6 2. c4 g6 3. Nc3 Bg7 4. e4 d6 5. h3 0-0 6. Be3 c5 7. Nf3 cxd4 8. Nxd4 Nc6 9. Be2 Bd7 10. 0-0 Rc8 11. Rc1 Qa5 12. Nb3 Qd8 13. f4 Be6 14. f5 Bd7 15. c5 Ne8 16. cxd6 Nxd6 17. f6 Bh8 18. fxe7 Qxe7 19. Bc5 Be5 20. Nd5 Qg5 21. Bxd6 Bxh3 22. Rf2 Bxd6 23. Nf6+ Kg7 24. Qxd6 Ne5 25. Rcf1 Kh8 26. Nd5 Be6 27. Nd4 Bxd5 28. exd5 Rfd8 29. Qb4 Rxd5 30. Qxb7 Rcd8 31. Ne6 Qxg2+ 1-0

[Event "Mersin op 4th"]
[Site "Mersin"]
[Date "2019.11.16"]
[Round "1"]
[White "Yakubboev, Nodirbek"]
[Black "Bimiev, Ahmad"]
[Result "1-0"]
[WhiteElo "2603"]
[BlackElo "2228"]
[PlyCount "24"]
[EventDate "2019.11.16"]
[EventType "swiss"]
[EventRounds "9"]
[EventCountry "TUR"]
[SourceTitle "CBM 193 Extra"]
[Source "ChessBase"]
[SourceDate "2020.01.31"]
[SourceVersion "1"]
[SourceVersionDate "2020.01.31"]
[SourceQuality "1"]

1. Nf3 d5 2. e3 Nh6 3. c4 c6 4. Nc3 e6 5. b3 Nd7 6. Bb2 Bd6 7. d4 0-0 8. Bd3 Qe7 9. Qc2 e5 10. cxd5 cxd5 11. dxe5 Nf6 12. Nb5 Bxe5 1-0

[Event "Chigorin Memorial 27th"]
[Site "St Petersburg"]
[Date "2019.10.06"]
[Round "2"]
[White "Bimiev, Ahmad"]
[Black "Yuffa, Daniil"]
[Result "0-1"]
[WhiteElo "2266"]
[BlackElo "2577"]
[PlyCount "64"]
[EventDate "2019.10.05"]
[EventType "swiss"]
[EventRounds "9"]
[EventCountry "RUS"]
[SourceTitle "EXT 2020"]
[Source "ChessBase"]
[SourceDate "2019.10.17"]
[SourceVersion "1"]
[SourceVersionDate "2019.10.17"]
[SourceQuality "1"]

1. c4 e5 2. g3 Nc6 3. Bg2 Bc5 4. Nc3 d6 5. e3 a6 6. Nge2 Ba7 7. b3 h5 8. d4 h4 9. Bxc6+ bxc6 10. dxe5 dxe5 11. Qxd8+ Kxd8 12. Ba3 Bg4 13. 0-0-0+ Kc8 14. h3 Bf3 15. Rhg1 Nh6 16. g4 Kb7 17. Rd2 g5 18. c5 f5 19. gxf5 g4 20. hxg4 h3 21. Ng3 h2 22. Re1 Nxg4 23. b4 a5 24. Nh1 axb4 25. Bxb4 e4 26. Nd1 Rh5 27. Ng3 Rh3 28. Rb2 Ka6 29. Rb3 Bxd1 30. Kxd1 Nxf2+ 31. Ke2 Rxg3 32. Kxf2 Rag8 0-1

[Event "RUS-ch Higher League 72nd"]
[Site "Yaroslavl"]
[Date "2019.07.05"]
[Round "8"]
[White "Bimiev, Ahmad"]
[Black "Bykov, Oleg1111"]
[Result "1-0"]
[WhiteElo "2238"]
[BlackElo "2401"]
[PlyCount "202"]
[EventDate "2019.06.27"]
[EventType "swiss"]
[EventRounds "9"]
[EventCountry "RUS"]
[SourceTitle "CBM 191 Extra"]
[Source "ChessBase"]
[SourceDate "2019.09.30"]
[SourceVersion "1"]
[SourceVersionDate "2019.09.30"]
[SourceQuality "1"]

1. c4 e5 2. g3 Nf6 3. Bg2 d5 4. cxd5 Nxd5 5. Nc3 Nb6 6. Nf3 Nc6 7. 0-0 Be7 8. d3 0-0 9. a3 Re8 10. Be3 Bf8 11. Rc1 Nd4 12. b4 c6 13. Ne4 Bg4 14. Bxd4 exd4 15. Nc5 Bc8 16. Nb3 a5 17. bxa5 Nd5 18. Nfxd4 Bxa3 19. Rc4 Qe7 20. e4 Nc7 21. Qc2 Bb4 22. Ra1 g6 23. Ra4 Na6 24. Qb1 c5 25. Ne2 Nc7 26. Ra1 Be6 27. Rc2 Nb5 28. Qb2 Red8 29. Nxc5 Bxc5 30. Qxb5 Bxf2+ 31. Kh1 Qd7 32. Qxd7 Rxd7 33. Nf4 Bb6 34. Nxe6 fxe6 35. Bh3 Rd6 36. e5 Rxd3 37. Bxe6+ Kg7 38. Rb2 Rxa5 39. Rxa5 Bxa5 40. Rxb7+ Kf8 41. Rf7+ Ke8 42. Rxh7 Re3 43. Bf7+ Kf8 44. Bxg6 Rxe5 45. Kg2 Re7 46. Rh5 Bc7 47. Bd3 Kg8 48. Rf5 Bd6 49. Rf3 Kg7 50. h4 Bc5 51. Rf5 Bd4 52. Rd5 Bf6 53. Kf3 Re5 54. Rd6 Be7 55. Rd7 Kf8 56. Be4 Ba3 57. g4 Bc1 58. Rd1 Rc5 59. Bd5 Kg7 60. g5 Rc2 61. Be4 Rc4 62. Rd7+ Kh8 63. g6 Rc5 64. g7+ Kg8 65. Bd5+ Rxd5 66. Rxd5 Kxg7 67. Kg4 Be3 68. Kh5 Bc1 69. Rd1 Be3 70. Rd6 Bc1 71. Rg6+ Kf7 72. Rg2 Kf6 73. Rc2 Be3 74. Rc6+ Kg7 75. Rc2 Kf6 76. Kg4 Kg6 77. Kf3 Bh6 78. Ke4 Kh5 79. Kf5 Be3 80. Re2 Bc1 81. Rc2 Be3 82. Rc4 Bf2 83. Re4 Bc5 84. Kf4 Ba3 85. Rc4 Bd6+ 86. Kf5 Ba3 87. Rc8 Kh6 88. Rc3 Bb4 89. Rd3 Bc5 90. h5 Bb4 91. Rd1 Bc5 92. Re1 Bb4 93. Re2 Ba3 94. Re6+ Kh7 95. Rc6 Bb4 96. Rc2 Kh6 97. Ra2 Bc5 98. Kf4 Bb4 99. Kg4 Bc3 100. Ra6+ Kh7 101. h6 Bd2 1-0

[Event "RUS-ch Higher League 72nd"]
[Site "Yaroslavl"]
[Date "2019.07.04"]
[Round "7"]
[White "Sadovsky, Artem"]
[Black "Bimiev, Ahmad"]
[Result "1/2-1/2"]
[WhiteElo "2416"]
[BlackElo "2238"]
[PlyCount "91"]
[EventDate "2019.06.27"]
[EventType "swiss"]
[EventRounds "9"]
[EventCountry "RUS"]
[SourceTitle "CBM 191 Extra"]
[Source "ChessBase"]
[SourceDate "2019.09.30"]
[SourceVersion "1"]
[SourceVersionDate "2019.09.30"]
[SourceQuality "1"]

1. Nf3 Nf6 2. c4 c6 3. b3 d5 4. Bb2 g6 5. g3 Bg7 6. Bg2 Bg4 7. h3 Bxf3 8. Bxf3 0-0 9. 0-0 d4 10. e3 e5 11. exd4 exd4 12. Na3 Qd7 13. Bg2 c5 14. d3 Nc6 15. Nc2 Rfe8 16. Qd2 a5 17. a3 Qd6 18. Rfe1 h5 19. Rxe8+ Rxe8 20. Re1 Rxe1+ 21. Nxe1 b6 22. Nf3 Ne5 23. Bc1 Nxf3+ 24. Bxf3 Nd7 25. Qe2 Qe5 26. Be4 Qe6 27. Kg2 Kf8 28. Qf3 Ne5 29. Qd1 Kg8 30. Bf4 Qe7 31. Qe2 f5 32. Bd5+ Kh7 33. Kf1 Bf6 34. a4 Kg7 35. h4 Qe8 36. Bc1 Qe7 37. Bf4 Qe8 38. f3 Qe7 39. Bc1 Kf8 40. Bh6+ Ke8 41. Kg2 Kd7 42. Bd2 Ke8 43. Bf4 Kf8 44. Bxe5 Qxe5 45. Qxe5 Bxe5 46. f4 1/2-1/2

[Event "RUS-ch Higher League 72nd"]
[Site "Yaroslavl"]
[Date "2019.07.01"]
[Round "5"]
[White "Yanchenko, Roman"]
[Black "Bimiev, Ahmad"]
[Result "1-0"]
[WhiteElo "2478"]
[BlackElo "2238"]
[PlyCount "59"]
[EventDate "2019.06.27"]
[EventType "swiss"]
[EventRounds "9"]
[EventCountry "RUS"]
[SourceTitle "CBM 191 Extra"]
[Source "ChessBase"]
[SourceDate "2019.09.30"]
[SourceVersion "1"]
[SourceVersionDate "2019.09.30"]
[SourceQuality "1"]

1. d4 Nf6 2. c4 e6 3. Nf3 d5 4. Nc3 Bb4 5. cxd5 Nxd5 6. Bd2 c5 7. Nxd5 Qxd5 8. dxc5 Bxc5 9. Qc2 Nc6 10. e4 Qd6 11. Bb5 Bd7 12. Rc1 Bb6 13. 0-0 0-0 14. Bc3 Rfd8 15. e5 Qe7 16. Bd3 h6 17. a3 Qe8 18. Bh7+ Kh8 19. Be4 Rab8 20. a4 Rdc8 21. Qd2 Ne7 22. a5 Bd8 23. Nd4 Nd5 24. Bxd5 exd5 25. Rce1 b5 26. e6 fxe6 27. Nxe6 Qg6 28. Nf8 Qd6 29. Nxd7 Qxd7 30. Re8+ 1-0

[Event "RUS-ch Higher League 72nd"]
[Site "Yaroslavl"]
[Date "2019.06.30"]
[Round "4"]
[White "Bimiev, Ahmad"]
[Black "Rakhmanov, Alexander"]
[Result "0-1"]
[WhiteElo "2238"]
[BlackElo "2615"]
[PlyCount "108"]
[EventDate "2019.06.27"]
[EventType "swiss"]
[EventRounds "9"]
[EventCountry "RUS"]
[SourceTitle "CBM 191 Extra"]
[Source "ChessBase"]
[SourceDate "2019.09.30"]
[SourceVersion "1"]
[SourceVersionDate "2019.09.30"]
[SourceQuality "1"]

1. c4 g6 2. g3 Bg7 3. Bg2 e6 4. Nc3 Ne7 5. d4 d5 6. cxd5 exd5 7. h4 h6 8. Bf4 c6 9. Qd2 Bf5 10. Nf3 Nd7 11. 0-0 Nb6 12. b3 f6 13. a4 g5 14. Be3 a5 15. Rae1 Qd7 16. Kh2 Nbc8 17. Ng1 Ng6 18. h5 Nge7 19. f3 0-0 20. Bf2 Be6 21. e4 dxe4 22. Nxe4 b6 23. Qd3 Nd5 24. Ne2 f5 25. Nd2 Qf7 26. Nc3 Qxh5+ 27. Kg1 Qf7 28. Qe2 Re8 29. Nxd5 cxd5 30. f4 Nd6 31. fxg5 hxg5 32. Nc4 Rad8 33. Nxd6 Rxd6 34. Qd2 Qh5 35. b4 Kf7 36. Be3 axb4 37. Bxg5 Bxd4+ 38. Qxd4 Qxg5 39. Qxb4 Rc6 40. Qb3 Qd2 41. Rxe6 Rexe6 42. Bxd5 Rc3 43. Bxe6+ Kg7 44. Rf2 Qe1+ 45. Kg2 Qe4+ 46. Kh2 Rxb3 47. Bxb3 Qe3 48. Rb2 Qc3 49. Rb1 Kf6 50. Bd1 Kg5 51. Kh3 Qd3 52. Ra1 f4 53. Kh2 fxg3+ 54. Kg2 Qd2+ 0-1

[Event "RUS-ch Higher League 72nd"]
[Site "Yaroslavl"]
[Date "2019.06.29"]
[Round "3"]
[White "Kokarev, Dmitry"]
[Black "Bimiev, Ahmad"]
[Result "1/2-1/2"]
[WhiteElo "2609"]
[BlackElo "2238"]
[PlyCount "107"]
[EventDate "2019.06.27"]
[EventType "swiss"]
[EventRounds "9"]
[EventCountry "RUS"]
[SourceTitle "CBM 191 Extra"]
[Source "ChessBase"]
[SourceDate "2019.09.30"]
[SourceVersion "1"]
[SourceVersionDate "2019.09.30"]
[SourceQuality "1"]

1. e4 e5 2. Nf3 Nc6 3. Bb5 a6 4. Ba4 Nf6 5. 0-0 Be7 6. Re1 b5 7. Bb3 d6 8. c3 0-0 9. h3 Nb8 10. d4 Nbd7 11. Nbd2 Bb7 12. Bc2 Re8 13. Nf1 Bf8 14. Ng3 g6 15. a4 c6 16. Be3 Qc7 17. Qd2 Nb6 18. Bh6 Nfd7 19. b3 Rad8 20. a5 Nc8 21. b4 c5 22. Bg5 f6 23. Be3 d5 24. bxc5 Nxc5 25. Nxe5 Nxe4 26. Nxe4 dxe4 27. Bb3+ Bd5 28. Bxd5+ Rxd5 29. Qa2 Red8 30. Ng4 Qf7 31. Bf4 h5 32. Ne3 R5d7 33. g4 Bd6 34. Bxd6 Nxd6 35. gxh5 Qxa2 36. Rxa2 gxh5 37. Kh2 Kf7 38. Nd5 Rg8 39. Raa1 Rg5 40. Nb4 Ra7 41. Re3 Rf5 42. Kg2 Ra8 43. Rg3 Nc4 44. Re1 Rf4 45. Nd5 Rf5 46. Nb4 Rf4 47. Nd5 Rf5 48. Ne3 Nxe3+ 49. Rexe3 b4 50. cxb4 Rb8 51. Rxe4 Rxb4 52. Ra3 Rd5 53. Rc3 Rxa5 54. Rc7+ 1/2-1/2

[Event "Grozny Kadyrov Memorial rapid"]
[Site "Grozny"]
[Date "2019.06.10"]
[Round "9"]
[White "Kryakvin, Dmitry"]
[Black "Bimiev, Ahmad"]
[Result "1/2-1/2"]
[WhiteElo "2586"]
[BlackElo "2238"]
[PlyCount "90"]
[EventDate "2019.06.09"]
[EventType "swiss (rapid)"]
[EventRounds "11"]
[EventCountry "RUS"]
[SourceTitle "CBM 190 Extra"]
[Source "ChessBase"]
[SourceDate "2019.07.15"]
[SourceVersion "1"]
[SourceVersionDate "2019.07.15"]
[SourceQuality "1"]

1. d4 Nf6 2. Bg5 g6 3. Bxf6 exf6 4. c4 Bg7 5. Nc3 f5 6. e3 0-0 7. g3 d6 8. Bg2 Be6 9. Bxb7 Nd7 10. Bxa8 Qxa8 11. d5 Nb6 12. Qd3 Bxc3+ 13. Qxc3 Nxc4 14. Ne2 Bxd5 15. Rg1 Ne5 16. 0-0-0 Bxa2 17. Nd4 Rb8 18. f4 c5 19. Nxf5 Rb3 20. Qc2 Nf3 21. Nxd6 Nxg1 22. Rxg1 Rb6 23. Nc4 Bxc4 24. Qxc4 Qf3 25. Re1 Qf2 26. Qe2 Qxe2 27. Rxe2 f5 28. e4 fxe4 29. Rxe4 Kf7 30. Ra4 a6 31. Ra5 Rc6 32. Kd2 Ke6 33. Kd3 Rb6 34. Kc3 Kd5 35. Ra1 Ke4 36. Rd1 Kf3 37. Rd2 Rb4 38. Rd7 h5 39. Rd6 g5 40. fxg5 Kg2 41. Rxa6 Rg4 42. Ra2 Kxh2 43. b4+ Kxg3 44. bxc5 Rxg5 45. Kd4 h4 1/2-1/2